| 000 | 00542nam a2200193Ia 4500 | ||
|---|---|---|---|
| 008 | 131103s9999 xx 000 0 und d | ||
| 040 | _aLoreto College | ||
| 041 | _aEnglish | ||
| 082 |
_a910/CRO _bLCBED/2482 |
||
| 100 | _aCrosby, John | ||
| 245 |
_aPhysical Geography in colour _cJohn Crosby and Christabel |
||
| 260 |
_a[s.l.] _bWard Lock Educational _c1969 |
||
| 300 |
_a128p. _b pic, map _c 24cm. |
||
| 504 | _aIncludes bibliography & index | ||
| 650 | _aGeography | ||
| 700 | _aChristabel | ||
| 850 | _aLCBED/910/CRO | ||
| 942 | _cBK | ||
| 999 |
_c29169 _d79648 |
||